|
|
|
|
| LEADER |
01061nam a2200277 a 4500 |
| 001 |
5845 |
| 005 |
20150106155551.0 |
| 008 |
150106s1984 caua bs 000 0 eng |
| 010 |
|
|
|a 84051918
|
| 020 |
|
|
|a 0803923767 (pbk.) :
|
| 040 |
|
|
|a DLC
|c DLC
|d DLC
|d BD-DhAAL
|
| 050 |
0 |
0 |
|a HA29
|b .A49 1984
|
| 082 |
0 |
0 |
|a 519.5/35
|2 19
|
| 100 |
1 |
|
|a Aldenderfer, Mark S.
|9 7159
|
| 245 |
1 |
0 |
|a Cluster analysis /
|c Mark S. Aldenderfer, Roger K. Blashfield.
|
| 260 |
|
|
|a Beverly Hills :
|b Sage Publications,
|c c1984.
|
| 300 |
|
|
|a 88 p. :
|b ill. ;
|c 22 cm.
|
| 490 |
|
|
|a Sage university papers series.Quantitative applications in the social sciences ;
|v no. 07-044
|
| 504 |
|
|
|a Includes bibliography (p. 84-87.)
|
| 541 |
|
|
|e 5845
|
| 650 |
|
0 |
|a Social sciences
|x Statistical methods.
|9 7160
|
| 650 |
|
0 |
|a Cluster analysis.
|9 7161
|
| 700 |
1 |
|
|a Blashfield, Roger K.,
|d 1944-
|9 7162
|
| 942 |
|
|
|2 ddc
|c BK
|
| 999 |
|
|
|c 33402
|d 33402
|
| 952 |
|
|
|0 0
|1 0
|2 ddc
|4 0
|6 519_535000000000000_ALD
|7 0
|9 44644
|a BRACUL
|b BRACUL
|c GEN
|d 2015-01-06
|g 6429.50
|l 0
|o 519.535 ALD
|p 3010005845
|r 2015-01-06
|t 1
|w 2015-01-06
|y BK
|